Państwa graniczące z Węgrami - Statystyki

Ogólne statystyki
  • Ten quiz został rozwiązany 10 razy
  • Średni wynik to 6 z 7
Statystyki odpowiedzi
Odpowiedź % Poprawnych
Rumunia
100%
Słowacja
100%
Słowenia
100%
Serbia
86%
Chorwacja
71%
Austria
57%
Ukraina
57%
Nie znaleziono quizów pasujących do podanych kryteriów
Rozkład punktacji
Procent ludzi z każdym wynikiem
Percentyl według liczby udzielonych odpowiedzi
Twoja historia wyników
Nie rozwiązałeś tego quizu